| 000 | 00533nmm a2200169Ia 4500 | ||
|---|---|---|---|
| 008 | 251105s9999||||xx |||||||||||||||||und|| | ||
| 020 | _a9788498301496 | ||
| 041 | _aspa | ||
| 100 | _aAlvarado, Carlos (Dir.) | ||
| 245 | 0 |
_aArteche : _b Historia de los hechos empresariales 1946-2006 |
|
| 264 |
_a[Madrid, España] : _bUniversidad de Deusto, _c2008 |
||
| 300 | _a574 páginas | ||
| 490 | _aAmarillo - Serie Economía | ||
| 650 | _aEconomics and Business | ||
| 856 | _uhttps://public.digitaliapublishing.com/a/15223 | ||
| 942 | _cCF | ||
| 999 |
_c91563 _d91563 |
||